| 000 | 00659cam a22002413a 4500 | ||
|---|---|---|---|
| 001 | 6685 | ||
| 003 | PGUSA | ||
| 005 | 20140828083135.0 | ||
| 008 | 041001s2004||||xxu|||||s|||||000 | eng d | ||
| 040 |
_aPGUSA _beng |
||
| 042 | _adc | ||
| 050 | 4 | _aLB | |
| 100 | 1 |
_aDillon, Alice Christie, _d1876- |
|
| 245 | 1 | 0 |
_aStory Hour Readers — Book Three _h[electronic resource] / _cAlice Christie Dillon |
| 260 |
_bProject Gutenberg, _c2004 |
||
| 506 | _aPublic domain in the USA. | ||
| 516 | _aElectronic text | ||
| 653 | _aReaders | ||
| 653 | _aReading | ||
| 830 | 0 |
_aProject Gutenberg _v6685 |
|
| 856 | 4 | 0 | _uhttp://www.gutenberg.org/ebooks/6685 |
| 942 | _cEB | ||
| 999 |
_c236005 _d236005 |
||